000 02881nam0a2200409 4500
001 RU\NLR\BIBL_A\011707205
005 20180604110123.0
010 _a978-5-6040620-8-1
_9500
021 _aRU
_bКН-П-18-028243
_9КН-П-18-2064
035 _a(NLR Aleph) 011707205
035 _a(RuMoRGB)009606625
090 _a11416244
_c11416244
100 _a20180518d2018 u y0rusy50 ca
101 0 _arus
102 _aRU
105 _aac zzzz0000zy
200 1 _aПроектирование и оценка гражданско-патриотического воспитания в образовательной организации
_eметодические рекомендации
_fМуниципальное казенное учреждение "Управление образования исполнительного комитета Менделеевского муниципального района Республики Татарстан", Муниципальное бюджетное учреждение дополнительного образования "Центр детского творчества" Менделеевского муниципального района Республики Татарстан
_g[авторы-составители: Сафаргалиев Эрнст Раисович, к.п.н., доцент и др.]
210 _aУльяновск
_cЗебра
_d2018
215 _a83 с.
_cцв. ил., портр., табл.
_d21
300 _aНа обл. авт.: Э.Р. Сафаргалиев, Ю.В. Комарова, Д.С. Мингазетдинова [и др.]
320 _aБиблиогр.: с. 81-82 (14 назв.)
606 1 _aШкольники
_xВоспитание гражданственности
_jМетодические пособия
_2nlr_sh2
_3RU\NLR\AUTH\661194529
606 1 _aШкольники
_xПатриотическое воспитание
_yРоссийская Федерация
_jМетодические пособия
_2nlr_sh2
_3RU\NLR\AUTH\661390347
607 _aРоссия
_xИстория
_xЗнания
_xОценка
_xТесты
_xСредняя школа
_jМетодические пособия
_2nlr_sh1
_2nlr_sh2
_3RU\NLR\AUTH\661315762
610 0 _aпатриотическое воспитание школьников
610 0 _aгражданское воспитание школьников
686 1 _aЧ421.352.13я8
686 1 _aЧ426.32-284я8
686 1 _aЦ4,6(2Р)915.130я7
702 1 _aСафаргалиев
_bЭ. Р.
_gЭрнст Раисович
_4220
712 0 2 _aЦентр детского творчества
_cМенделеевск
_3RU\NLR\AUTH\880471848
_4570
942 _cBOOK
980 _aNBR
980 _aNB